00308nam a2200109 a 4500008004100000050001500041100002200056245004200078260004700120300002200167350000900189120416s1965 ||||||||||||||||| || u aTA 403 Kem aKempster, M. H. A10aIntroduction to engineering materials aLondonbThe English University Pressc1965 axii, 116p. : ill. a0.00